10 Best Airports of the World 2016 - Statistics

General Stats
  • This quiz has been taken 25 times
    23 since last reset
  • The average score is 3 of 10
Answer Stats
Hint Answer % Correct
5 Frankfurt Airport (FRA), Germany G
80%
4 Munich F. J. Strauss Airport (MUC), Germany G
65%
1 Helsinki Vantaa Airport (HEL), Finland F
45%
9 Oslo Gardermoen Airport (OSL), Norway N
40%
7 Bangkok International Airport (BKK), Thailand T
30%
10 Dublin Airport (DUB), Ireland I
30%
8 Tel Aviv Ben Gurion Airport (TLV), Israel I
20%
3 Zurich Airport (ZHR), Switzerland S
20%
6 Geneva Airport (GVA), Switzerland S
10%
2 Glasgow International Airport (GLA), UK U
0%
No matching quizzes found
Score Distribution
Percent of People with Each Score
Percentile by Number Answered
Your Score History
You have not taken this quiz since the last reset